[Event "Stay Safe Play From Home 357"]
[Site "Emanuel Lasker Arena"]
[Date "2020.08.04"]
[Round "7"]
[White "All4tactics"]
[Black "Stepmaker"]
[Result "1-0"]
[WhiteElo "1815"]
[BlackElo "1476"]
[Annotator "NA RC"]
[PlyCount "35"]
[EventDate "2020.08.04"]
[EventType "swiss (blitz)"]

1. e4 {[%emt 0:00:20]} e5 {[%emt 0:00:02]} 2. Nf3 {[%emt 0:00:02]} Nc6 {[%emt 0:00:01]} 3. Bc4 {[%emt 0:00:01]} Nf6 {[%emt 0:00:03]} 4. Ng5 {[%emt 0:00:01]} d5 {[%emt 0:00:01]} 5. exd5 {[%emt 0:00:01]} Nxd5 {[%emt 0:00:02]} 6. Nxf7 {[%emt 0:00:03]} Kxf7 {[%emt 0:00:11]} 7. Qf3+ {[%emt 0:00:02]} Ke6 {[%emt 0:00:00]} 8. Nc3 {[%emt 0:00:02]} Nce7 {[%emt 0:00:03]} 9. d4 {[%emt 0:00:16]} c6 {[%emt 0:00:07]} 10. dxe5 {[%emt 0:00:02]} Nf5 {[%emt 0:00:11]} 11. Ne4 {[%emt 0:00:19]} Nd4 {[%emt 0:00:39]} 12. Qh3+ {[%emt 0:00:20]} Kxe5 {[%emt 0:00:11]} 13. Qg3+ {[%emt 0:00:16]} Kxe4 {[%emt 0:00:09]} 14. O-O {[%emt 0:00:01]} Nf5 {[%emt 0:01:03]} 15. Qd3+ {[%emt 0:01:04]} Ke5 {[%emt 0:00:03]} 16. Re1+ {[%emt 0:00:08]} Kd6 {[%emt 0:00:01]} 17. Bf4+ {[%emt 0:00:03]} Kd7 {[%emt 0:00:06]} 18. Qxf5# {[%emt 0:00:02] Mate Mate (Lag: Av=0.39s, max=1.1s) Mate Mate Mate (Lag: Av=0.39s, max=1.1s) (Lag: Av=0.39s, max=1.1s) (Lag: Av=0.39s, max=1.1s) (Lag: Av=0.39s, max=1.1s)} 1-0

[Event "Stay Safe Play From Home 357"]
[Site "Emanuel Lasker Arena"]
[Date "2020.08.04"]
[Round "7"]
[White "Padmaesh M K"]
[Black "Joroger"]
[Result "1-0"]
[WhiteElo "1808"]
[BlackElo "1672"]
[Annotator "NA RC"]
[PlyCount "21"]
[EventDate "2020.08.04"]
[EventType "swiss (blitz)"]

1. Nf3 {[%emt 0:00:02]} Nf6 {[%emt 0:00:04]} 2. d4 {[%emt 0:00:01]} d5 {[%emt 0:00:02]} 3. Bf4 {[%emt 0:00:02]} e6 {[%emt 0:00:02]} 4. e3 {[%emt 0:00:01]} Bd6 {[%emt 0:00:02]} 5. Bg3 {[%emt 0:00:03]} c5 {[%emt 0:00:02]} 6. c3 {[%emt 0:00:05]} O-O {[%emt 0:00:06]} 7. Bd3 {[%emt 0:00:03]} Nc6 {[%emt 0:00:02]} 8. Nbd2 {[%emt 0:00:07]} Re8 {[%emt 0:00:09]} 9. Ne5 {[%emt 0:00:02]} Qc7 {[%emt 0:00:25]} 10. f4 {[%emt 0:00:06]} Nd7 {[%emt 0:00:03]} 11. Bxh7+ {[%emt 0:00:13] Joroger gibt auf Joroger gibt auf Joroger gibt auf Joroger gibt auf Joroger gibt auf (Lag: Av=0.51s, max=0.8s) (Lag: Av=0.51s, max=0.8s) (Lag: Av=0.51s, max=0.8s) (Lag: Av=0.51s, max=0.8s) (Lag: Av=0.51s, max=0.8s)} 1-0

[Event "Stay Safe Play From Home 357"]
[Site "Emanuel Lasker Arena"]
[Date "2020.08.04"]
[Round "7"]
[White "Timbre"]
[Black "Haris kollari 13"]
[Result "0-1"]
[WhiteElo "1620"]
[BlackElo "1912"]
[Annotator "NA RC"]
[PlyCount "84"]
[EventDate "2020.08.04"]
[EventType "swiss (blitz)"]

1. d4 {[%emt 0:00:21]} d5 {[%emt 0:00:08]} 2. Nf3 {[%emt 0:00:01]} Bg4 {[%emt 0:00:03]} 3. c3 {[%emt 0:00:01]} f6 {[%emt 0:00:01]} 4. Bf4 {[%emt 0:00:02]} Nd7 {[%emt 0:00:02]} 5. Bg3 {[%emt 0:00:01]} c6 {[%emt 0:00:02]} 6. e3 {[%emt 0:00:02]} e5 {[%emt 0:00:03]} 7. dxe5 {[%emt 0:00:02]} fxe5 {[%emt 0:00:01]} 8. Be2 {[%emt 0:00:01]} Bd6 {[%emt 0:00:10]} 9. Nbd2 {[%emt 0:00:03]} Qc7 {[%emt 0:00:02]} 10. a3 {[%emt 0:00:03]} Ngf6 {[%emt 0:00:02]} 11. O-O {[%emt 0:00:06]} O-O-O {[%emt 0:00:02]} 12. Qa4 {[%emt 0:00:04]} Kb8 {[%emt 0:00:02]} 13. c4 {[%emt 0:00:05]} d4 {[%emt 0:00:10]} 14. exd4 {[%emt 0:00:03]} e4 {[%emt 0:00:01]} 15. Bxd6 {[%emt 0:00:12]} Qxd6 {[%emt 0:00:02]} 16. Ne5 {[%emt 0:00:01]} Bxe2 {[%emt 0:00:03]} 17. Nxd7+ {[%emt 0:00:05]} Rxd7 {[%emt 0:00:03]} 18. d5 {[%emt 0:00:01]} Bxf1 {[%emt 0:00:04]} 19. Rxf1 {[%emt 0:00:03]} cxd5 {[%emt 0:00:01]} 20. cxd5 {[%emt 0:00:02]} Qxd5 {[%emt 0:00:02]} 21. Nb3 {[%emt 0:00:04]} Rhd8 {[%emt 0:00:04]} 22. h3 {[%emt 0:00:02]} a6 {[%emt 0:00:03]} 23. Qb4 {[%emt 0:00:07]} Qb5 {[%emt 0:00:12]} 24. Qxb5 {[%emt 0:00:04]} axb5 {[%emt 0:00:02]} 25. Nc5 {[%emt 0:00:02]} Rd5 {[%emt 0:00:02]} 26. b4 {[%emt 0:00:02]} b6 {[%emt 0:00:02]} 27. Ne6 {[%emt 0:00:02]} R8d7 {[%emt 0:00:08]} 28. Nf4 {[%emt 0:00:02]} Rd2 {[%emt 0:00:01]} 29. Ne6 {[%emt 0:00:05]} R2d3 {[%emt 0:00:05]} 30. Ra1 {[%emt 0:00:08]} h6 {[%emt 0:00:01]} 31. a4 {[%emt 0:00:03]} bxa4 {[%emt 0:00:01]} 32. Rxa4 {[%emt 0:00:02]} Kb7 {[%emt 0:00:01]} 33. b5 {[%emt 0:00:04]} g5 {[%emt 0:00:04]} 34. Ra1 {[%emt 0:00:14]} R3d6 {[%emt 0:00:03]} 35. Nf8 {[%emt 0:00:02]} Rd1+ {[%emt 0:00:07]} 36. Rxd1 {[%emt 0:00:03]} Rxd1+ {[%emt 0:00:00]} 37. Kh2 {[%emt 0:00:01]} Rb1 {[%emt 0:00:01]} 38. Ne6 {[%emt 0:00:04]} Rxb5 {[%emt 0:00:01]} 39. Nd4 {[%emt 0:00:02]} Rd5 {[%emt 0:00:02]} 40. Nb3 {[%emt 0:00:02]} b5 {[%emt 0:00:01]} 41. Na5+ {[%emt 0:00:02]} Kb6 {[%emt 0:00:01]} 42. Nb3 {[%emt 0:00:02]} b4 {[%emt 0:00:01] Timbre resigns Timbre resigns Timbre resigns Timbre resigns Timbre resigns (Lag: Av=0.34s, max=0.9s) (Lag: Av=0.34s, max=0.9s) (Lag: Av=0.34s, max=0.9s) (Lag: Av=0.34s, max=0.9s) (Lag: Av=0.34s, max=0.9s)} 0-1

[Event "Stay Safe Play From Home 357"]
[Site "Emanuel Lasker Arena"]
[Date "2020.08.04"]
[Round "7"]
[White "Klasman"]
[Black "Haxhi Baha"]
[Result "1/2-1/2"]
[WhiteElo "1551"]
[BlackElo "1991"]
[Annotator "TA"]
[PlyCount "129"]
[EventDate "2020.08.04"]
[EventType "swiss (blitz)"]

{[%evp 9,128,18,31,25,43,37,35,26,37,-12,4,-4,47,-3,108,96,104,87,113,112,163,163,170,155,156,157,150,119,107,76,89,60,76,75,137,139,147,136,158,144,163,155,256,122,254,105,171,133,198,104,174,76,91,36,202,193,192,33,14,27,18,0,0,0,0,0,0,0,0,0,0,-17,0,-7,49,-80,-80,-80,0,0,0,0,0,0,0,0,0,0,0,0,0,0,0,0,0,0,12845,12846,12846,12847,12847,12847,27999,27999,27998,27997,27999,27999,27993,27993,27994,27994,27997,27994,27998,27998,27999,27995,27998,27996,27999]} 1. f4 e5 2. fxe5 d6 3. Nf3 Bg4 4. e4 dxe5 5. Bc4 Nc6 6. d3 {C30: King's Gambit Declined.} Nf6 7. Be3 Bd6 8. O-O {[#] White is slightly better.} Qe7 $146 ({Predecessor:} 8... Nd4 9. Bxd4 exd4 10. e5 Bxf3 11. Qxf3 Bxe5 12. Re1 Qd6 13. Qf5 Nd7 14. Qxf7+ Kd8 {½-½ (78) Nielsen,J (1780)-Eiholt,B (1444) Valby 2006}) 9. Nc3 Bc5 10. Qe1 O-O-O (10... Bxf3 $11 11. Rxf3 Bxe3+ 12. Rxe3 Nd4) 11. Nd5 Qd6 (11... Nxd5 $11 12. Bxd5 Nb4) 12. Nxf6 gxf6 13. Bxf7 Rd7 14. Bd5 Nb4 (14... Bxe3+ $16 {was worth a try.} 15. Qxe3 Kb8) 15. Bb3 $18 Rg7 16. Qf2 Bxe3 17. Qxe3 Kb8 18. a3 Nc6 19. Nh4 Nd4 20. Rf2 $36 {[%mdl 2048] White has the initiative.} Nxb3 21. cxb3 Be6 (21... Qd8 $142) 22. Rxf6 $16 {Nf5 is the strong threat.} Qe7 23. Raf1 Rhg8 24. g3 Bh3 25. R1f2 b6 {[#]} (25... Qd8 $16) 26. b4 (26. Rh6 $1 $18 {and the rest is easy.}) 26... Rd8 (26... Qd8 $16) 27. Ng2 (27. Rh6 $18 {is more deadly.}) 27... Qd7 (27... h5 $16 28. Nh4 Rgg8) 28. Rd2 Qe7 (28... h5 $16) 29. Rf1 (29. Qh6 $18) 29... Qe6 (29... Rg6 $16 30. Rf3 Bg4) 30. Rc1 (30. d4 $18) 30... Rgd7 31. Qe2 (31. Rcd1 $16) 31... Qg4 $2 (31... Bg4 $14 32. Qe3 Bh3) 32. Qxg4 $18 Bxg4 33. Nh4 $2 (33. Ne1 $18) 33... Rxd3 $14 34. Rxd3 Rxd3 {[%mdl 4096] Endgame KRB-KRN} 35. Nf5 Bf3 36. Re1 Rd2 37. h4 Rg2+ 38. Kf1 {Threatens to win with Re3.} Rxb2 39. Ne7 Kb7 40. Nd5 Bg2+ 41. Kg1 Rd2 (41... Bh3 $11) 42. Rc1 (42. Nf6 $14) 42... Bxe4 $17 43. Nxc7 Rc2 (43... Rg2+ $17 44. Kf1 Rxg3) 44. Rxc2 $11 Bxc2 {KB-KN} 45. Nd5 Kc6 46. Nf6 a5 {White must now prevent ...Kb5.} 47. Kf2 axb4 48. axb4 Kb5 49. g4 Kxb4 {Hoping for ...b5.} 50. g5 Kc4 (50... b5 $5 51. h5 $8 Ka3 $11) 51. h5 $1 {aiming for Nxh7!} b5 {[#] Strongly threatening ...b4.} 52. Nxh7 $1 {[%mdl 512]} Bxh7 $2 {[%mdl 8192] KB-KPP} (52... b4 $11 53. g6 b3) 53. g6 $18 Bg8 54. h6 b4 55. h7 Bxh7 56. gxh7 {KPP-KP. White mates.} b3 57. h8=Q b2 58. Qb8 Kc3 59. Qxe5+ Kc2 60. Qc5+ Kb1 {[#]} 61. Qb4 $1 Ka2 62. Qa4+ Kb1 63. Qa3 Kc1 64. Qc3+ Kd1 65. Qxb2 {Accuracy: White = 56%, Black = 51%.} 1/2-1/2